000 00555nam a2200205Ia 4500
003 GCL
008 140319s9999 xx 000 0 eng d
040 _aGCL /
_cGCL
082 0 4 _a363.731
_bS I
100 1 _aANDREWS, CAROL
245 1 0 _aINDUSTRIAL ECOLOGY AND GLOBAL CHANGE /
_cANDREWS, CAROL
700 1 _aSOCOLOW, R.
260 _a[S.N] :
_bCAMBRIDGE UNIVERSITY PRESS ،
_c1994
300 _a500 P
650 0 4 _aENVIRONMENTAL SCIENCE
650 0 4 _aINDUSTRIAL ECOLOGY
650 0 4 _aSOCIAL ECOLOGY
650 0 4 _aHUMAN ECOLOGY
942 _2ddc
_cBK
999 _c24091
_d24091